Pays belligérants de la troisième coalition - Statistiques

Statistiques générales
  • Ce quiz a été pris 23 fois
  • Le résultat moyen est 8 sur 13
Statistiques - réponses
Pays % Correct
Alliés 1805-1806 Empire français
100%
Coalition 1805-1806 Empire russe
100%
Alliés 1805-1806 Royaume d'Espagne
100%
Coalition 1805-1805 Empire d'Autriche
95%
Coalition 1805-1806 Royaume-Uni
95%
Alliés 1805-1806 Royaume d'Italie
91%
Coalition 1805-1806 Royaume de Suède
77%
Alliés 1805-1806 République batave
68%
Coalition 1805-1806 Royaume de Naples
32%
Alliés 1805-1806 Royaume de Bavière
27%
Alliés 1806-1806 Grand-duché de Bade
18%
Alliés 1805-1806 Royaume de Wurtemberg
18%
Alliés 1805-1806 Royaume d'Étrurie
9%
Aucun quiz correspondant
Distribution des résultats
% des personnes avec chaque résultat
Percentile par nombre de réponses
Votre historique - résultats
Vous n’avez pas pris ce quiz